000 00440nam a22001817a 4500
003 MPLRDC
005 20220104123900.0
008 210129b ||||| |||| 00| 0 eng d
020 _a7-80534-144-3
082 _a497 BKHST
100 _a巴克赫斯特
245 _a打开知名度
_c施寄青译
250 _a一版一刷
260 _a
_b海峡文艺出版社
_c1989
300 _b
650 _a广告
942 _cBK
_o497 BKHST
999 _c14934
_d14924